000 00457nam a22001577a 4500
005 20240710064451.0
008 240710b |||||||| |||| 00| 0 eng d
041 _aEnglish
082 _a349 PRE
100 _lEnglish
245 _aPrentice Hall Weekly Legal Service
260 _aDurban:
_bPrentice Hall Services (Pty) Ltd,
_c1962
300 _b104 pages;
_c26 cm.
650 _aLegal practice
_bLaw
942 _cBK
_6ALISON_BN_VRIES
999 _c2143
_d2143